| 000 | 00604nac a22001691u 4500 | ||
|---|---|---|---|
| 020 | _a8170084075 | ||
| 082 |
_a621.75 _bR1376 |
||
| 090 |
_c1038 _d1038 |
||
| 100 | _aRajput, R. K. | ||
| 245 |
_aComprehensive workshop practice / _cR. K. Rajput. |
||
| 260 |
_aNew Delhi : _bLaxmi Publications, _c2005. |
||
| 300 |
_a241 p. _bill. ; _c24 cm. |
||
| 500 | _aIncludes index. | ||
| 650 | _aForest products industry. | ||
| 942 |
_cBB _k621.75 R1376 |
||
| 999 |
_c1038 _d1038 |
||